000 00364nam a2200133 a 4500
005 20140414132056.0
008 100520s19uu xx 00 eng d
050 _aTR 372.4
_bT77 1999
100 _aTrumbauer, Lisa
245 _aClick it: computer fun reading.
650 _aComputers
_xJuvenile literature
650 _aReading
_xData processing
999 _c114315
_d114315